Normal view
MARC view
Entry Personal Name
001 - CONTROL NUMBER
- control field: 167994
003 - CONTROL NUMBER IDENTIFIER
- control field:
005 - DATE AND TIME OF LATEST TRANSACTION
- control field: 20210601192844.0
008 - FIXED-LENGTH DATA ELEMENTS
- fixed length control field: 210601|| aca||aabn | a|a d
040 ## - CATALOGING SOURCE
- Original cataloging agency:
- Transcribing agency:
100 ## - HEADING--PERSONAL NAME
- Personal name: Anandan, Jeeva S.
670 ## - SOURCE DATA FOUND
- Source citation: Work cat.: (): International Conference on Fundamental Aspects of Quantum Theory (1992 University of South Carolina) 167992, Quantum coherence and reality :, c1994
